000 00596nam a2200229Ia 4500
003 OSt
005 20221005121328.0
006 a|||||r|||| 00| 0
007 ta
008 221004b |||||||| |||| 00| 0 mal d
024 _a54448
037 _cTextual
040 _aCRL
_cCRL
_bmal
041 _2mal
_amal
082 _aO32,1M551,1, M1
100 _a/kesavan Kilimnoor
_9630407
245 0 _aGurudevakarnamrutham
260 _c1981
650 _aMALAYALAM LITERATURE
_938866
942 _hO32,1M551,1, M1
_cTEXL
_2cc
999 _c1040800
_d1040800